Manju_Malayalam (Record no. 38153)
[ view plain ]
| 000 -LEADER | |
|---|---|
| fixed length control field | 01441nam a22001697a 4500 |
| 082 ## - DEWEY DECIMAL CLASSIFICATION NUMBER | |
| Classification number | 920 VAS |
| 100 ## - MAIN ENTRY--AUTHOR NAME | |
| Personal name | Vasudevan Nair M T |
| 245 ## - TITLE STATEMENT | |
| Title | Manju_Malayalam |
| 250 ## - EDITION STATEMENT | |
| Edition statement | 1 |
| 260 ## - PUBLICATION, DISTRIBUTION, ETC. (IMPRINT) | |
| Name of publisher | Current Books |
| Place of publication | Thrissur |
| Year of publication | 2025 |
| 300 ## - PHYSICAL DESCRIPTION | |
| Number of Pages | Number of pages : 80 |
| 520 ## - SUMMARY, ETC. | |
| Summary, etc | เดเด เดเดฟ เดตเดพเดธเตเดฆเตเดตเดจเตโ เดจเดพเดฏเดฐเตเดเต เดจเตเดตเดฒเตเดเดณเดฟเดฒเตโ เดชเตเดฐเดฃเดฏเดธเตเดจเตเดฆเดฐเตเดฏเดเดเตเดฃเตเดเต เดถเตเดฐเดฆเตเดงเตเดฏเดฎเดพเดฏ เดจเตเดตเดฒเดพเดฃเต เดฎเดเตเดเต. เดชเตเดฐเดฃเดฏเดฎเดงเตเดฐเดตเตเด เดตเดฟเดฐเดนเดตเตเดฆเดจเดฏเตเด เดเดฐเตเดชเตเดฒเต เดชเดเดฐเตเดจเตเดจ เด เดจเตเดชเดฎเดพเดฏ เดจเตเดตเดฒเตโ. เดเดพเดคเตเดคเดฟเดฐเดฟเดชเตเดชเดพเดฃเต เดจเตเดตเดฒเดฟเดจเตเดฑเต เดฎเตเดฒเดญเดพเดตเด. เดธเดเตเดเดพเดฐเดฟเดฏเตเด เดธเดนเตเดฆเดฏเดจเตเดฎเดพเดฏ เดธเตเดงเตเดฐเตโ เดฎเดฟเดถเตเดฐเดฏเตเดเตเดเตเดตเตเดฃเตเดเดฟเดฏเตเดณเตเดณ เดตเดฟเดฎเดฒเดฏเตเดเต เดเดพเดคเตเดคเดฟเดฐเดฟเดชเตเดชเต, เดชเดฟเดคเดพเดตเดฟเดจเดพเดฏเตเดณเตเดณ เดฌเตเดฆเตเดงเต เดเดจเตเดจ เดคเตเดฃเดฟเดเตเดเดพเดฐเดจเตเดฑเต เดเดพเดคเตเดคเดฟเดฐเดฟเดชเตเดชเต... เดตเดฐเตเด เดตเดฐเดพเดคเดฟเดฐเดฟเดเตเดเดฟเดฒเตเดฒ เดเดจเตเดจ เดชเตเดฐเดคเตเดเตเดทเดฏเตเดเต เดเดพเดคเตเดคเดฟเดฐเดฟเดเตเดเตเดจเตเดจเดตเดฐเตเดเต เดเตเดตเดฟเดคเดฎเดพเดฃเต เดฎเดเตเดเต. |
| 546 ## - LANGUAGE NOTE | |
| Language note | Language : Malayalam |
| 650 ## - SUBJECT ADDED ENTRY--TOPICAL TERM | |
| Topical Term | GEN |
| 942 ## - ADDED ENTRY ELEMENTS (KOHA) | |
| Koha item type | Text Book |
| 952 ## - LOCATION AND ITEM INFORMATION (KOHA) | |
| Damaged status | |
| Not for loan | |
| Withdrawn status | Collection code | Permanent Location | Current Location | Date acquired | Source of acquisition | Cost, normal purchase price | Inventory number | Full call number | Accession Number | Price effective from | Koha item type |
|---|---|---|---|---|---|---|---|---|---|---|---|
| GENERAL | VAST Central Library | VAST Central Library | 28/11/2025 | Minerva Books | 140.00 | 90 | 920 VAS | 38301 | 22/12/2025 | Text Book |